[Event "Waldviertler-ch"]
[Site "Litschau"]
[Date "2005.06.09"]
[Round "1"]
[White "Bind, Rudolf"]
[Black "Rabl, Gerhard"]
[Result "0-1"]
[WhiteElo "1405"]
[BlackElo "1883"]
[PlyCount "86"]
[EventDate "2005.06.09"]
[EventType "swiss"]
[EventRounds "5"]
[EventCountry "AUT"]
[SourceTitle "EXT 2006"]
[Source "ChessBase"]
[SourceDate "2005.11.24"]
[SourceVersion "1"]
[SourceVersionDate "2005.11.24"]
[SourceQuality "1"]

1. e4 c5 2. Nf3 Nc6 3. Nc3 d6 4. Bc4 e6 5. 0-0 Be7 6. d3 Nf6 7. h3 0-0 8. a3 a6 9. Bg5 b5 10. Bb3 Bb7 11. Ne2 Rc8 12. Re1 Na5 13. c4 bxc4 14. dxc4 Nxb3 15. Qxb3 Bxe4 16. Nd2 Bc6 17. Nf4 h6 18. Bxf6 Bxf6 19. Nh5 Be5 20. Nf3 Rb8 21. Qd3 Bxf3 22. Qxf3 g6 23. Qg4 Kh7 24. Nf4 Bxf4 25. Qxf4 Rxb2 26. Rad1 Rb6 27. g4 Kg7 28. h4 Qxh4 29. Rxd6 Rxd6 30. Qxd6 Qxg4+ 31. Kh2 Qxc4 32. Qe5+ Kg8 33. Rg1 Qh4+ 34. Kg2 Qg5+ 35. Qxg5 hxg5 36. Kh2 f6 37. Rd1 Rc8 38. Rd6 c4 39. Rxe6 c3 40. Re1 c2 41. Rc1 Kh7 42. Kg2 Rc3 43. f3 Kh6 0-1